LEADER 00944nam--2200325---450 001 990006189740203316 005 20200515075016.0 035 $a000618974 035 $aUSA01000618974 035 $a(ALEPH)000618974USA01 035 $a000618974 100 $a20170120d1976----km-y0itay50------ba 101 0 $aita 102 $aIT 105 $aa---||||001yy 200 1 $a<> estetica della simulazione$ecostruzione e analisi del linguaggio televisivo$fLiborio Termine 210 $aTorino$cParavia$d1976 215 $a246 p., [8] p. di tav.$cill.$d23 cm 225 2 $aPercorsi$v9 410 0$12001$aPercorsi$v9 606 0 $aTelevisione$xSociologia$2BNCF 676 $a791.4560945 700 1$aTERMINE,$bLiborio$0450161 801 0$aIT$bsalbc$gISBD 912 $a990006189740203316 951 $aXVII A. 2763$bDLAS$cXVII A.$d393257 959 $aBK 969 $aCAS 996 $aEstetica della simulazione$9140777 997 $aUNISA